00990nam a2200253 a 4500001001000000003000900010005001700019007000300036008004100039040003000080082002000110111014400130245009900274246004900373264009800422300002600520336002700546337003300573338002800606500009300634611000300727650000300730650000300733000028298DO-SdBNP20240306092253.0ta240306s1990 dr ac 000 0 spa d aDO-SdBNPbspacBNPHUerda a021.7bF3562222 a1ra Feria del Libro y La cultura Bani 90n(1ª :ddel 3 al 11 de marzoc226 Aniversario de la Fundación de Bani , República Dominicana)10a1ra Feria del libro y la cultura Bani 90 :ben honor a Héctor Colombino Perelló, Programa.13aPrimera Feria del libro y la cultura Bani 90 aBani, República Dominicana :bAsociación de Arte y Cultura de la Provincia Peravia,c1990 a10 paginas. ;c23 cm. 2rdacontentatextobtxt 2rdamediaasin mediaciónbn 2rdacarrieravolumenbnc aEn honor a : Héctor Colombo Perelló, en el 226 aniversario de la Fundación de Bani